000 00428nam a2200205Ia 4500
001 002627
003 YMCAF
005 20230512160149.0
008 100717s1964 ||||||||||||||||| ||und|d
024 _a2627
035 _a2607
040 _aYMCAF
_beng
_cIN-KoLT
041 _aeng
082 _aA
_bT-BAI
100 _aBAILEY A.R.
245 2 _aA T. BOOK OF METALLURGY
260 _c1964
300 _a561
942 _2ddc
_cBK
999 _c2142
_d2142